000 00531nam a2200193 a 4500
005 20210223121934.0
008 991125s1977 ag 000 0 spa u
035 _aUPN01000026510
049 _aI
050 4 _aPN6231 R35
_bG72
245 0 3 _aLa granja.
260 _aBuenos Aires :
_bKapelusz,
_c1977.
300 _a[8] p. :
_bil. col.
440 0 _aLeo, coloreo y corto
650 4 _aLECTURA CREATIVA
_926666
650 4 _aLIBROS PARA COLOREAR
650 4 _aVIDA EN EL CAMPO -
_vLITERATURA INFANTIL
_911709
905 _aInfantil
999 _c26510
_d26510